| 000 | 01653nam a2200457Ii 4500 | ||
|---|---|---|---|
| 001 | DIGUAL0006 | ||
| 003 | NyNyDIG | ||
| 006 | m o d | ||
| 007 | cr ||||||||||| | ||
| 008 | 121001s1999 sp obq 000 0 spa d | ||
| 020 | _z8479084936 | ||
| 020 | _z9788479084936 | ||
| 035 | _a(OCoLC)606412603 | ||
| 040 |
_aDGITA _beng _epn _cDGITA |
||
| 043 | _ae-sp--- | ||
| 050 | 1 | 4 | _aPN1995.9.C513 eBook |
| 100 | 1 |
_aRíos Carratalá, Juan A., _d1958- |
|
| 245 | 1 | 3 |
_aLa ciudad provinciana : _bliteratura y cine en torno a Calle Mayor / _cJuan A. Ríos Carratalá. |
| 250 | _a1. ed. | ||
| 264 | 1 |
_aAlicante : _bUniversidad de Alicante, _c1999. |
|
| 300 |
_a1 online resource (137 pages) : _bill., maps |
||
| 336 |
_atext _btxt _2rdacontent |
||
| 337 |
_acomputer _bc _2rdamedia |
||
| 338 |
_aonline resource _bcr _2rdacarrier |
||
| 504 | _aIncludes bibliographical references (p. 129-133). | ||
| 504 | _aFilmography: p. 134-136. | ||
| 650 | 0 | _aCity and town life in motion pictures. | |
| 650 | 0 | _aCity and town life in literature. | |
| 650 | 0 | _aCities and towns in motion pictures. | |
| 650 | 0 | _aCities and towns in literature. | |
| 650 | 0 |
_aMotion pictures _zSpain _xHistory. |
|
| 650 | 0 |
_aSpanish fiction _xHistory and criticism. |
|
| 630 | 0 | 0 | _aCalle Mayor (Motion picture) |
| 600 | 1 | 0 |
_aBardem, Juan Antonio _xCriticism and interpretation. |
| 655 | 0 | _aElectronic books. | |
| 791 | 2 |
_aDigitalia (Firm), _edistributor. |
|
| 793 | 0 |
_gDigitalia eBook Collection: _aUniv. de Alicante. |
|
| 856 | 4 | 0 |
_3Digitalia Hispánica _uhttps://www.digitaliapublishing.com/a/581/ |
| 910 | _aPremium Collection: 2007-2012 | ||
| 942 | _cRAA | ||
| 999 |
_c229593 _d229593 |
||